| 000 | 01264nam a2200241 a 4500 | ||
|---|---|---|---|
| 008 | 190528s2016 ||||||||||||||||| || u | ||
| 020 | _a9781455759699 | ||
| 050 | _aSF 959.J64 Joi | ||
| 100 | _aKawcak, Christopher E. | ||
| 245 | 1 | 0 |
_aJoint disease in the horse. (2nd edition) _cEdited by Wayne Mcllwraith; David D. Frisbie; Christopher E. Kawcak; P. Rene van Weeren |
| 250 | _a2nd edition | ||
| 260 |
_aMissouri _bElsevier _c2016 |
||
| 300 | _axv, 408 pages : illustrations | ||
| 350 | _a110.01 | ||
| 650 | _aHORSE DISEASES | ||
| 650 | _aJOINT DISEASES--VERTERINARY | ||
| 700 | _aMcllwraith, C. Wayne | ||
| 700 | _aFrisbie, David D. | ||
| 700 | _aWeeren, P. Rene van | ||
| 995 |
_aKAPASA MAKASA LIBRARY OPEN ACCESS _e749299 _FCBU-KAPASA MAKASA LIBRARY (Chinsali) _I110.01 _jSF 959.J64 Joi _M1 _UAVAILABLE _WMay 30, 2019 _y749299 _ZKapasa Makasa Library Open Acess Collection |
||
| 995 |
_aMEDICAL LIBRARY OPEN ACCESS _e904245 _FCBU-SCHOOL OF MEDICINE LIBRARY (Ndola) _I110.01 _jSF 959.J64 Joi _M2 _UAVAILABLE _WJun 25, 2019 _y904245 _ZMedical Library Open Access Collection |
||
| 995 |
_aMEDICAL LIBRARY OPEN ACCESS _e904246 _FCBU-SCHOOL OF MEDICINE LIBRARY (Ndola) _I110.01 _jSF 959.J64 Joi _M3 _UAVAILABLE _WJun 25, 2019 _y904246 _ZMedical Library Open Access Collection |
||
| 999 |
_c64311 _d64311 |
||